00326nam a2200121Ia 4500008004100000041000800041082001400049100001600063245004500079260003900124300003000163365001100193240624s9999 xx 000 0 und d aeng a158.1 TRA aTRACY BRIAN aGOALS HOW TO GET EVERYTHING YOU WANT FAS c2009aNew DelhibTata McGraw- Hill axi, : 291 : p. : cm. ; 21 cRSb20